000 00335nam a2200145Ia 4500
005 20251222152644.0
008 251222s9999||||xx |||||||||||||| ||spa||
020 _a84226225385
082 _a800/M26
100 _aMartín, Andreu
245 0 _aInfierno Forestal
250 _a1ra.ed.
264 _bEditorial El Molino
942 _cLIB
999 _c28187
_d28187